000 01631cam a2200397Ja 4500
001 ocm51242001
005 20170502101810.0
008 170428s2003 enk fr 001 0 eng d
010 _a 2002041550
015 _aGBA2T7434
_2bnb
020 _a0521799619
020 _a9780521799614
029 1 _aAU@
_b000024307485
029 1 _aDEBBG
_bBV015771876
029 1 _aHEBIS
_b111174961
029 1 _aNZ1
_b7314821
029 1 _aYDXCP
_b1923432
035 _a(OCoLC)51242001
_z(OCoLC)51107830
_z(OCoLC)316424610
_z(OCoLC)541571639
040 _aCo-BoUCM
_bspa
_cSaul Niño
_dSaul Niño
041 0 _aeng
100 1 _aSherman, Jane
_d1942-
_985448
245 1 0 _aUsing authentic video in the language classroom
_cJane Sherman
260 _aCambridge (Inglaterra)
_aNew York (Estados Unidos)
_bCambridge University Press
_c2003
300 _aix, 277 páginas
490 0 _aCambridge handbooks for language teachers
500 _aIncluye índice
505 0 _apt. A-I. Video drama -- 1. Full-length feature films -- 2. Other video drama -- 3. Short dramatic sequences -- pt. A-II. Non-fiction video -- 1. Programmes about real life -- 2. Short sequences and promotions.
546 _aTexto en inglés
650 7 _aInglés técnico
_xEnseñanza
_917660
650 7 _aInglés técnico
_917660
_vLibros de texto
650 7 _aAdquisición de segundo lenguaje
_98648
_vLibros de texto
650 4 _aInglés
_xEstudio y enseñanza
_xHablantes extranjeros
_xMedios audiovisuales.
_985449
690 0 _aLingüística aplicada
_9439
942 _2DEWEY
_a12
_cLIBRORESER
_e1
_h428
_mS553u
999 _c306219
_d306219